El laberinto de los tres minotauros / (Record no. 7447)
[ view plain ]
| 000 -CABECERA | |
|---|---|
| campo de control de longitud fija | 00843cam a2200265 a 4500 |
| 001 - NÚMERO DE CONTROL | |
| campo de control | 000007667 |
| 005 - FECHA Y HORA DE LA ÚLTIMA TRANSACCIÓN | |
| campo de control | 20200929154244.0 |
| 008 - DATOS DE LONGITUD FIJA--INFORMACIÓN GENERAL | |
| campo de control de longitud fija | 950517s1997 ve 000 f spa d |
| 020 ## - NÚMERO INTERNACIONAL ESTÁNDAR DEL LIBRO | |
| Número Internacional Estándar del Libro | 9800107940 |
| 040 ## - FUENTE DE LA CATALOGACIÓN | |
| Centro catalogador/agencia de origen | DO-SdBNP |
| Lengua de catalogación | spa |
| Centro/agencia transcriptor | BNPHU |
| 082 ## - NÚMERO DE LA CLASIFICACIÓN DECIMAL DEWEY | |
| Número de clasificación | 980 |
| Número de documento/Ítem | B849l, 1997 |
| 049 ## - FONDOS LOCALES (OCLC) | |
| Fondos de biblioteca | BNGR |
| 100 1# - ENTRADA PRINCIPAL--NOMBRE DE PERSONA | |
| Nombre de persona | Briceño Guerrero, J. M. |
| Fechas asociadas al nombre | 1929- |
| 9 (RLIN) | 21249 |
| 245 13 - MENCIÓN DE TÍTULO | |
| Título | El laberinto de los tres minotauros / |
| Mención de responsabilidad, etc. | J.M. Briceño Guerrero. |
| 250 ## - MENCIÓN DE EDICIÓN | |
| Mención de edición | 2a ed. |
| 260 ## - PUBLICACIÓN, DISTRIBUCIÓN, ETC. | |
| Lugar de publicación, distribución, etc. | Caracas : |
| Nombre del editor, distribuidor, etc. | Monte Ávila Editores Latinoamericana, |
| Fecha de publicación, distribución, etc. | 1997. |
| 300 ## - DESCRIPCIÓN FÍSICA | |
| Extensión | 303 p. ; |
| Dimensiones | 20 cm. |
| 490 1# - MENCIÓN DE SERIE | |
| Mención de serie | Estudios |
| 651 #4 - PUNTO DE ACCESO ADICIONAL DE MATERIA--NOMBRE GEOGRÁFICO | |
| Nombre geográfico | America Latina |
| Subdivisión general | Civilización |
| -- | Influencias Españolas |
| 9 (RLIN) | 21250 |
| 650 #4 - PUNTO DE ACCESO ADICIONAL DE MATERIA--TÉRMINO DE MATERIA | |
| Término de materia o nombre geográfico como elemento de entrada | Civilización occidental |
| 9 (RLIN) | 21251 |
| 650 #4 - PUNTO DE ACCESO ADICIONAL DE MATERIA--TÉRMINO DE MATERIA | |
| Término de materia o nombre geográfico como elemento de entrada | Civilización cristiana |
| 9 (RLIN) | 21252 |
| 650 #4 - PUNTO DE ACCESO ADICIONAL DE MATERIA--TÉRMINO DE MATERIA | |
| Término de materia o nombre geográfico como elemento de entrada | Mestizaje |
| 9 (RLIN) | 2277 |
| 830 #0 - PUNTO DE ACCESO ADICIONAL DE SERIE-TÍTULO UNIFORME | |
| Título uniforme | Estudios. |
| 9 (RLIN) | 3854 |
| 910 ## - DATOS DE OPCIÓN DEL USUARIO (OCLC) | |
| Datos de opción del usuario | Catalogación derivada / LC |
| Estado de retiro | Estado de pérdida | Restricciones de uso | No para préstamo | Código de colección | Localización permanente | Ubicación/localización actual | Ubicación en estantería | Fecha de adquisición | Número de inventario | Total de préstamos | Signatura topográfica completa | Código de barras | Fecha visto por última vez | Precio válido a partir de | Tipo de ítem Koha | Número de copia |
|---|---|---|---|---|---|---|---|---|---|---|---|---|---|---|---|---|
| Préstamo interno | Monografías: Libros y Folletos | General | General | En catalogación | 09.09.2009 | LF1 | 980 B849l, 1997 | 7667-10 | 25.06.2020 | 25.06.2020 | Préstamo interno | |||||
| Préstamo restringido | Préstamo restrigido | Monografías: Libros y Folletos | General | General | En catalogación | 19.10.2009 | LF1 | 980 B849l, 1997 | 7667-20 | 25.06.2020 | 25.06.2020 | Préstamo interno | e. 2 |
